000 00844nam a2200277 i 4500
003 DO-SdBNP
005 20250723140934.0
007 ta
008 250716b1981 dr |||| |||| 00| p spa d
040 _aDO-SdBNP
_bspa
_cBNPHU
_erda
041 _aspa
082 4 _aRD861.44
_bC117co, 1981
_222
100 1 _aCabral, Manuel del,
_d1907-1999
_eautor
_4aut.
_923556
245 1 0 _aCompadre Mon /
_cManuel del Cabral.
250 _aNovena edición
264 1 _aSanto Domingo :
_bEditores y Libreria Internacional,
_c1981.
300 _a184 páginas :
_c21 cm.
336 _atexto
_btxt
_2rdacontent
337 _asin mediación
_bn
_2rdamedia
338 _avolumen
_bnc
_2rdacarrier
590 _aInventariado, 2025/ YL
650 4 _aPoesía dominicana
_966
650 4 _aLiteratura dominicana.
_967
910 _aYLockward
942 _2ddc
_cLBS1
999 _c59562
_d59562